Statistiques concernant Réponses contenant la lettre C

Cliquez ici pour prendre le quiz!

Statistiques générales

  • Ce quiz a été pris 149 fois
  • Le résultat moyen est 12 sur 15

Statistiques - réponses

explicationsréponses% Correct
Sans cheveuxChauve
98%
Pays du rizChine
98%
Synonyme de hurlementCri
98%
Dernier mois de l’annéeDécembre
96%
Millimètres ....... décimètresCentimètres
95%
Marcher rapidementCourir
95%
Dernier jour de la semaineDimanche
93%
Synonyme de véloBicyclette
85%
Couleur la plus claireBlanc
84%
On la mange quand il fait chaud elle peut être à l’italienneGlace
82%
L’élicoptaire en a uneHélice
78%
Il défende souvent une forteresse avec un arcArché
74%
Fruit orange à noyauAbricot
64%
1...2...3...4...5...6...Compter
43%
Prendre brusquementaraché
10%

Distribution des résultats

Percentile par nombre de réponses

% des personnes avec chaque résultat

Votre développement - résultats

Vous n’avez pas pris ce quiz